000 00876nam a2200253Ia 4500
003 OSt
005 20220923221117.0
006 a|||||r|||| 00| 0
007 ta
008 220922b |||||||| |||| 00| 0 hin d
024 _a195,222
037 _cTextual
040 _aARTS
_cARTS
_bhin
041 _2hin
_ahin
082 _aR, 152M1
100 _aश्रीवास्तव, शिव नारायण लाल
_9165077
245 0 _aदर्शन के मूल प्रश्न
246 _aDarshan ke mūl prashna
260 _aभोपाल
_b मध्य प्रदेश ग्रंथ अकादमी
_c1981
300 _a260पृ.
_ccm.
650 _aभारतीय दर्शन
942 _hR, 152M1
_cTEXL
_2CC
999 _c347462
_d347462